000 00348nam a2200145Ia 4500
008 150201s2010 xx 000 0 und d
082 _a611
_bA10K
100 _aKHANNA , SHENY
245 _aANATOMY & HISTOTECHNOLOGY
250 _a1ST
260 _bVIKAS PUBLICATION
_aNOIDA
_c2010
300 _a1-192
650 _aHUMAN ANATOMY
942 _2ddc
_cBK
999 _c1373
_d1373